[Event "Heart of Finland op 27th"]
[Site "Jyvaskyla"]
[Date "2017.07.22"]
[Round "8"]
[White "Kugappi, Tomi"]
[Black "Valasmo, Juhana"]
[Result "1-0"]
[WhiteElo "2067"]
[BlackElo "1913"]
[PlyCount "109"]
[EventDate "2017.07.17"]
[EventType "swiss"]
[EventRounds "9"]
[EventCountry "FIN"]
[SourceTitle "CBM 179 Extra"]
[Source "ChessBase"]
[SourceDate "2017.08.23"]
[SourceVersion "1"]
[SourceVersionDate "2017.08.23"]
[SourceQuality "1"]

1. d4 d5 2. Nf3 Nf6 3. e3 e6 4. Bd3 c5 5. b3 cxd4 6. exd4 Bb4+ 7. c3 Be7 8. 0-0 Nbd7 9. h3 b6 10. Bf4 Ne4 11. Qc2 Bb7 12. Ne5 Nxe5 13. Bxe5 Bf6 14. f3 Bxe5 15. fxe4 Bg3 16. Bb5+ Kf8 17. e5 Qg5 18. Qe2 Rc8 19. Bd7 Rc7 20. Bxe6 Ke8 21. Bf5 Bf4 22. Qg4 Qxg4 23. Bxg4 Be3+ 24. Kh2 Ba6 25. Rd1 Ke7 26. g3 h5 27. Bf3 Ke6 28. Kg2 g6 29. Re1 Bg5 30. Be2 Bxe2 31. Rxe2 Rhc8 32. Kf2 a6 33. Rc2 b5 34. Ke2 Be7 35. Kd3 Bb4 36. a3 Be7 37. Nd2 b4 38. axb4 Bxb4 39. Rxa6+ Ke7 40. Nb1 Ke8 41. Raa2 Be7 42. Nd2 Bg5 43. Nf3 Bh6 44. Ra5 Rb7 45. b4 Rd8 46. Rca2 Rdd7 47. Ra8+ Ke7 48. Rh8 Bc1 49. Raa8 Ke6 50. g4 hxg4 51. hxg4 Rdc7 52. Rhe8+ Kd7 53. Rad8+ Kc6 54. Rd6+ Kb5 55. Ra8 1-0

[Event "Heart of Finland op 27th"]
[Site "Jyvaskyla"]
[Date "2017.07.18"]
[Round "2"]
[White "Nivala, Tuomas"]
[Black "Kugappi, Tomi"]
[Result "1-0"]
[WhiteElo "2247"]
[BlackElo "2067"]
[PlyCount "55"]
[EventDate "2017.07.17"]
[EventType "swiss"]
[EventRounds "9"]
[EventCountry "FIN"]
[SourceTitle "CBM 179 Extra"]
[Source "ChessBase"]
[SourceDate "2017.08.23"]
[SourceVersion "1"]
[SourceVersionDate "2017.08.23"]
[SourceQuality "1"]

1. e4 c6 2. c4 d5 3. cxd5 cxd5 4. exd5 Nf6 5. Qa4+ Bd7 6. Qb3 Qb6 7. Bc4 Na6 8. Nc3 Rc8 9. d3 Qxb3 10. Bxb3 Nb4 11. d4 g6 12. a3 Nd3+ 13. Ke2 Ne4 14. Kxd3 Nxf2+ 15. Ke2 Nxh1 16. Nf3 Bg7 17. Bf4 h6 18. Rxh1 g5 19. Be5 f6 20. Bg3 h5 21. h4 g4 22. Ne1 Kf7 23. Nd3 b6 24. Rf1 Kg6 25. Ne5+ Kh7 26. Nxd7 Rhd8 27. Bc2+ Kh8 28. Bf5 1-0

[Event "Heart of Finland op 27th"]
[Site "Jyvaskyla"]
[Date "2017.07.17"]
[Round "1"]
[White "Kugappi, Tomi"]
[Black "Olander, Aleksi"]
[Result "1-0"]
[WhiteElo "2067"]
[BlackElo "2078"]
[PlyCount "43"]
[EventDate "2017.07.17"]
[EventType "swiss"]
[EventRounds "9"]
[EventCountry "FIN"]
[SourceTitle "CBM 179 Extra"]
[Source "ChessBase"]
[SourceDate "2017.08.23"]
[SourceVersion "1"]
[SourceVersionDate "2017.08.23"]
[SourceQuality "1"]

1. d4 Nf6 2. Nf3 d5 3. e3 e6 4. Bd3 Be7 5. b3 Nbd7 6. Bb2 b6 7. 0-0 Bb7 8. Nbd2 Ne4 9. c4 0-0 10. Qc2 f5 11. Rad1 c6 12. Ne5 Nxe5 13. dxe5 Rc8 14. Nxe4 fxe4 15. Bxe4 g6 16. Bxg6 hxg6 17. Qxg6+ Kh8 18. Qh6+ Kg8 19. Rd4 Rf5 20. Qxe6+ Rf7 21. Rg4+ Kf8 22. Qh6+ 1-0

[Event "Helsinki We Garde Spring A"]
[Site "Helsinki"]
[Date "2017.04.02"]
[Round "4"]
[White "Kugappi, Tomi"]
[Black "Aalto, Patrik"]
[Result "1-0"]
[WhiteElo "2092"]
[BlackElo "1804"]
[PlyCount "107"]
[EventDate "2017.03.31"]
[EventType "swiss"]
[EventRounds "5"]
[EventCountry "FIN"]
[SourceTitle "EXT 2022"]
[Source "ChessBase"]
[SourceDate "2021.10.06"]
[SourceVersion "1"]
[SourceVersionDate "2021.10.06"]
[SourceQuality "1"]

1. Nf3 c5 2. b3 Nc6 3. Bb2 d5 4. e3 Bf5 5. Bb5 Qc7 6. 0-0 e6 7. d3 f6 8. Qe2 Bg6 9. Nbd2 0-0-0 10. Rac1 Kb8 11. d4 cxd4 12. exd4 Qd6 13. Bxc6 Qxc6 14. c4 Bd6 15. c5 Bc7 16. b4 Be8 17. Rfe1 Bd7 18. Nb1 Bf4 19. Rcd1 b6 20. Nc3 bxc5 21. dxc5 Ka8 22. Nd4 Qc8 23. c6 Bxc6 24. Qxe6 Bb7 25. Qxc8+ Rxc8 26. Ne6 Be5 27. Nc5 Bc6 28. Ba1 Ne7 29. Ne2 Bxa1 30. Rxa1 Rhe8 31. Nd4 Kb8 32. Rad1 Ka8 33. g3 Rcd8 34. Rxe7 Rxe7 35. Nxc6 Rde8 36. Nxe7 Rxe7 37. Rxd5 Kb8 38. Rd7 Re2 39. Rb7+ Kc8 40. Rxa7 Rb2 41. a3 Ra2 42. a4 Rb2 43. b5 Rc2 44. Na6 Ra2 45. b6 Rb2 46. Rc7+ Kd8 47. b7 Rb6 48. Rc8+ Kd7 49. b8Q Rxb8 50. Rxb8 Kc6 51. a5 g5 52. Rb1 g4 53. Nb8+ Kd5 54. a6 1-0

[Event "Helsinki We Garde Spring A"]
[Site "Helsinki"]
[Date "2017.04.01"]
[Round "3"]
[White "Ertbjerg, Per"]
[Black "Kugappi, Tomi"]
[Result "1/2-1/2"]
[WhiteElo "1916"]
[BlackElo "2092"]
[PlyCount "128"]
[EventDate "2017.03.31"]
[EventType "swiss"]
[EventRounds "5"]
[EventCountry "FIN"]
[SourceTitle "EXT 2022"]
[Source "ChessBase"]
[SourceDate "2021.10.06"]
[SourceVersion "1"]
[SourceVersionDate "2021.10.06"]
[SourceQuality "1"]

1. d4 d5 2. c4 c6 3. Nc3 Nf6 4. Nf3 e6 5. Bg5 Be7 6. e3 Nbd7 7. Qc2 0-0 8. Bd3 dxc4 9. Bxc4 b5 10. Bd3 Bb7 11. 0-0 h6 12. Bh4 a6 13. Rfd1 Rc8 14. Qe2 Qb6 15. Ne5 Rfe8 16. Bg3 c5 17. Rac1 c4 18. Bb1 Nxe5 19. Bxe5 Nd7 20. Qc2 g6 21. Bf4 Bf8 22. h4 f5 23. e4 Nf6 24. Qd2 Kh7 25. Be5 Bg7 26. Bxf6 Bxf6 27. h5 Rg8 28. hxg6+ Rxg6 29. Kf1 Bg5 30. f4 Bh4 31. Qe3 Rcg8 32. Rd2 Rg3 33. Qg1 Qc7 34. Rf2 Rxg2 35. Rxg2 Qxf4+ 36. Ke2 Rxg2+ 37. Qxg2 Qxc1 38. Kf3 Bg5 39. Qe2 Qh1+ 40. Kf2 Bh4+ 41. Ke3 Qc1+ 42. Kf3 Qg5 43. Qg2 Qxg2+ 44. Kxg2 fxe4 45. Nxe4 Bf6 46. Kg3 Bxe4 47. Bxe4+ Kg7 48. Bb7 Bxd4 49. Bxa6 Bxb2 50. Bxb5 c3 51. Bd3 Ba3 52. Kf4 Kf6 53. Ke4 Bc5 54. Bc2 e5 55. a4 Bd4 56. a5 Kg5 57. a6 h5 58. a7 Bxa7 59. Kxe5 Kg4 60. Ke4 Bf2 61. Bd1+ Kg5 62. Kf3 Be1 63. Ke2 Bd2 64. Kf3 h4 1/2-1/2

[Event "Helsinki ESK 70 Anniv M"]
[Site "Helsinki"]
[Date "2016.12.06"]
[Round "7"]
[White "Hallman, Valo"]
[Black "Kugappi, Tomi"]
[Result "1/2-1/2"]
[WhiteElo "2098"]
[BlackElo "2029"]
[PlyCount "53"]
[EventDate "2016.12.02"]
[EventType "tourn"]
[EventRounds "7"]
[EventCountry "FIN"]
[SourceTitle "EXT 2022"]
[Source "ChessBase"]
[SourceDate "2021.10.06"]
[SourceVersion "1"]
[SourceVersionDate "2021.10.06"]
[SourceQuality "1"]

1. d4 d5 2. c4 e6 3. Nf3 Nf6 4. g3 Be7 5. Bg2 Nbd7 6. 0-0 0-0 7. Nc3 c6 8. Qd3 b6 9. cxd5 cxd5 10. Bf4 Bb7 11. Rfc1 Nh5 12. Bd2 Rc8 13. Ne5 Nhf6 14. Nxd7 Qxd7 15. Be1 Rfd8 16. Rd1 Ne8 17. f3 Nd6 18. Bf2 Nc4 19. Rab1 b5 20. b3 Na3 21. Rbc1 Bc6 22. Nb1 Nxb1 23. Qxb1 Qb7 24. Qb2 b4 25. e3 h6 26. Bf1 Bb5 27. Be1 1/2-1/2

[Event "Helsinki ESK 70 Anniv M"]
[Site "Helsinki"]
[Date "2016.12.04"]
[Round "5"]
[White "Mansner, Harry"]
[Black "Kugappi, Tomi"]
[Result "1-0"]
[WhiteElo "2295"]
[BlackElo "2029"]
[PlyCount "59"]
[EventDate "2016.12.02"]
[EventType "tourn"]
[EventRounds "7"]
[EventCountry "FIN"]
[SourceTitle "EXT 2022"]
[Source "ChessBase"]
[SourceDate "2021.10.06"]
[SourceVersion "1"]
[SourceVersionDate "2021.10.06"]
[SourceQuality "1"]

1. e4 c6 2. d4 d5 3. Nd2 dxe4 4. Nxe4 Nd7 5. Ng5 Ngf6 6. Bd3 e6 7. N1f3 h6 8. Nxe6 Qe7 9. 0-0 fxe6 10. Bg6+ Kd8 11. Re1 Nd5 12. c4 Qf6 13. Bc2 Nb4 14. Be4 Bd6 15. Bd2 Na6 16. a3 Re8 17. Bc3 Qf7 18. Qd3 Nf8 19. b4 Bd7 20. b5 Nb8 21. a4 g5 22. a5 g4 23. Ne5 Bxe5 24. dxe5 Kc8 25. a6 b6 26. Bb4 Rd8 27. Rad1 Qe8 28. Rd2 Nxa6 29. bxa6 Rb8 30. c5 1-0

[Event "Helsinki We Garden syysturnaus A"]
[Site "Helsinki"]
[Date "2016.09.10"]
[Round "3"]
[White "Hautamaeki, Panu"]
[Black "Kugappi, Tomi"]
[Result "1/2-1/2"]
[WhiteElo "1924"]
[BlackElo "2029"]
[PlyCount "50"]
[EventDate "2016.09.09"]
[EventType "swiss"]
[EventRounds "5"]
[EventCountry "FIN"]
[SourceTitle "EXT 2022"]
[Source "ChessBase"]
[SourceDate "2021.10.06"]
[SourceVersion "1"]
[SourceVersionDate "2021.10.06"]
[SourceQuality "1"]

1. e4 c6 2. d4 d5 3. Nc3 dxe4 4. Nxe4 Nd7 5. Nf3 Ngf6 6. Ng3 e6 7. Bd3 Be7 8. 0-0 0-0 9. c3 b6 10. a4 a5 11. Bf4 Bb7 12. Qe2 Nd5 13. Bd2 N7f6 14. Ne5 c5 15. Bb5 cxd4 16. cxd4 Nb4 17. Bc3 Rc8 18. Rfd1 Nbd5 19. Qd2 Bb4 20. Rac1 Qe7 21. f3 Rfd8 22. Nf1 Bd6 23. Qe1 Rc7 24. Nd2 Rdc8 25. Ndc4 h6 1/2-1/2

[Event "Helsinki We HSK 130"]
[Site "Helsinki"]
[Date "2016.08.28"]
[Round "5"]
[White "Mansner, Harry"]
[Black "Kugappi, Tomi"]
[Result "1-0"]
[WhiteElo "2234"]
[BlackElo "2029"]
[PlyCount "115"]
[EventDate "2016.08.26"]
[EventType "swiss"]
[EventRounds "5"]
[EventCountry "FIN"]
[SourceTitle "EXT 2022"]
[Source "ChessBase"]
[SourceDate "2021.10.06"]
[SourceVersion "1"]
[SourceVersionDate "2021.10.06"]
[SourceQuality "1"]

1. d4 d5 2. c4 c6 3. Nf3 Nf6 4. Nc3 e6 5. Bg5 Be7 6. e3 Nbd7 7. Bd3 0-0 8. 0-0 dxc4 9. Bxc4 b5 10. Bd3 Bb7 11. Qc2 h6 12. Bh4 a6 13. Rad1 Rc8 14. Ne5 Nd5 15. Bxe7 Qxe7 16. Nxd7 Qxd7 17. Ne4 Nb6 18. Nc5 Qc7 19. Qe2 Nd7 20. Rc1 Rfd8 21. Bb1 Nxc5 22. Rxc5 Rd5 23. Rfc1 Qd6 24. f4 Rxc5 25. Rxc5 g6 26. a3 Rd8 27. Qg4 Kh7 28. h4 f5 29. Qe2 h5 30. Ba2 Bc8 31. Qe1 Qc7 32. Qc3 Rd6 33. Re5 Qd7 34. Qc5 Kg7 35. Kf2 Kh7 36. Ke2 Kg7 37. b4 Kh7 38. Kd3 Kg7 39. Qc3 Kh7 40. Rc5 Bb7 41. a4 Qd8 42. g3 Qe8 43. axb5 axb5 44. Qa3 Qd7 45. Qa5 Kg7 46. Qa7 Kf7 47. Qb8 Bc8 48. Rc3 Qd8 49. Ra3 Rd7 50. Ra8 Rc7 51. Qb6 Qe7 52. Qc5 Qxc5 53. bxc5 Ke7 54. Kc3 Kd7 55. Kb4 Ke7 56. Ka5 Kd7 57. Bb3 Bb7 58. Rg8 1-0

[Event "Helsinki We HSK 130"]
[Site "Helsinki"]
[Date "2016.08.26"]
[Round "1"]
[White "Nystrom, Leif"]
[Black "Kugappi, Tomi"]
[Result "1/2-1/2"]
[WhiteElo "1952"]
[BlackElo "2029"]
[PlyCount "57"]
[EventDate "2016.08.26"]
[EventType "swiss"]
[EventRounds "5"]
[EventCountry "FIN"]
[SourceTitle "EXT 2022"]
[Source "ChessBase"]
[SourceDate "2021.10.06"]
[SourceVersion "1"]
[SourceVersionDate "2021.10.06"]
[SourceQuality "1"]

1. d4 Nf6 2. Nf3 d5 3. e3 Bf5 4. Be2 e6 5. Nbd2 h6 6. Ne5 Bd6 7. f4 Ne4 8. Nxe4 Bxe4 9. Bf3 Bh7 10. 0-0 0-0 11. c4 c6 12. cxd5 exd5 13. Be2 Nd7 14. Bd3 Be4 15. Bxe4 dxe4 16. Qc2 Nf6 17. Bd2 Qe7 18. Qb3 Nd5 19. Rae1 Kh7 20. Qc2 f5 21. a3 Rg8 22. Qd1 Raf8 23. Qh5 g5 24. Qe2 Qg7 25. Kh1 c5 26. g3 cxd4 27. exd4 Bxe5 28. dxe5 gxf4 29. Bxf4 1/2-1/2

[Event "Heart of Finland op 26th"]
[Site "Jyvaskyla"]
[Date "2016.07.21"]
[Round "5.16"]
[White "Kugappi, Tomi"]
[Black "Ristoja, Samu"]
[Result "0-1"]
[WhiteElo "2008"]
[BlackElo "2146"]
[PlyCount "64"]
[EventDate "2016.07.18"]
[EventType "swiss"]
[EventRounds "9"]
[EventCountry "FIN"]
[SourceTitle "EXT 2022"]
[Source "ChessBase"]
[SourceDate "2021.10.06"]
[SourceVersion "1"]
[SourceVersionDate "2021.10.06"]
[SourceQuality "1"]

1. Nf3 Nf6 2. g3 e6 3. d4 Be7 4. Bg2 0-0 5. c4 d5 6. 0-0 dxc4 7. Qa4 a6 8. Qxc4 b5 9. Qc2 Bb7 10. a3 Be4 11. Qd1 Ra7 12. Nc3 Ba8 13. Be3 Ng4 14. Bf4 c5 15. h3 cxd4 16. Bxb8 Qxb8 17. Qxd4 Nf6 18. Rfd1 Rc8 19. Qe5 Qb6 20. Ne1 Bc5 21. e3 Bxg2 22. Nxg2 Be7 23. Rac1 Nd7 24. Qf4 Rc4 25. Qf3 Ne5 26. Qe2 Rac7 27. Na2 Rxc1 28. Rxc1 Rxc1+ 29. Nxc1 Qc6 30. Nb3 Nf3+ 31. Kf1 e5 32. Ne1 Nd4 0-1

[Event "Helsinki We HSK 130v A"]
[Site "Helsinki"]
[Date "2016.05.15"]
[Round "4"]
[White "Ponnio, Toni"]
[Black "Kugappi, Tomi"]
[Result "1/2-1/2"]
[WhiteElo "2095"]
[BlackElo "1979"]
[PlyCount "95"]
[EventDate "2016.05.13"]
[EventType "swiss"]
[EventRounds "5"]
[EventCountry "FIN"]
[SourceTitle "EXT 2022"]
[Source "ChessBase"]
[SourceDate "2021.10.06"]
[SourceVersion "1"]
[SourceVersionDate "2021.10.06"]
[SourceQuality "1"]

1. c4 c6 2. Nf3 Nf6 3. d4 d5 4. Nc3 e6 5. g3 Be7 6. Bg2 Nbd7 7. 0-0 0-0 8. Qc2 Re8 9. Rd1 dxc4 10. e4 Nb6 11. e5 Nfd5 12. Ne4 Qc7 13. Neg5 g6 14. h4 c5 15. h5 Bd7 16. Qe4 Kg7 17. Qg4 Rh8 18. h6+ Kf8 19. dxc5 Qxc5 20. Ne4 Qc7 21. Bg5 Bxg5 22. Qxg5 Bc6 23. Rac1 Qe7 24. Qg4 Rd8 25. Nd6 f5 26. Qd4 g5 27. Nxc4 Nxc4 28. Qxc4 Kf7 29. Nd4 Nb6 30. Nxc6 Rxd1+ 31. Rxd1 Nxc4 32. Nxe7 Kxe7 33. f4 gxf4 34. gxf4 Rd8 35. Rxd8 Kxd8 36. b3 Nb2 37. Kf2 Nd3+ 38. Ke3 Nc5 39. b4 Na6 40. a3 b6 41. Bf3 Ke7 42. Kd3 Nc7 43. Kc4 Kf7 44. Bh5+ Kf8 45. a4 Kg8 46. Bf3 Kf7 47. Bh5+ Kg8 48. Bf3 1/2-1/2

[Event "Helsinki We HSK 130v A"]
[Site "Helsinki"]
[Date "2016.05.13"]
[Round "1"]
[White "Kugappi, Tomi"]
[Black "Elomaa, Arto"]
[Result "1/2-1/2"]
[WhiteElo "1979"]
[BlackElo "2113"]
[PlyCount "82"]
[EventDate "2016.05.13"]
[EventType "swiss"]
[EventRounds "5"]
[EventCountry "FIN"]
[SourceTitle "EXT 2022"]
[Source "ChessBase"]
[SourceDate "2021.10.06"]
[SourceVersion "1"]
[SourceVersionDate "2021.10.06"]
[SourceQuality "1"]

1. d4 Nf6 2. Nf3 d5 3. e3 g6 4. b3 Bg7 5. Bb2 0-0 6. Nbd2 b6 7. Be2 Bb7 8. 0-0 Nbd7 9. c4 c5 10. cxd5 Nxd5 11. Bc4 cxd4 12. Bxd4 Bxd4 13. Nxd4 Ne5 14. Rc1 Rc8 15. Qe2 Nxc4 16. Nxc4 Qc7 17. Rfd1 Rfd8 18. Qb2 Qb8 19. a3 Ba8 20. Nf3 Nf6 21. Qe2 Ne4 22. Rxd8+ Rxd8 23. h3 Qb7 24. Rd1 Rxd1+ 25. Qxd1 Ng5 26. Qd8+ Kg7 27. Ncd2 Nxf3+ 28. Nxf3 Qe4 29. Qd4+ f6 30. Qxe4 Bxe4 31. Nd2 Bd3 32. e4 e5 33. f3 Kf7 34. Kf2 Ke6 35. Ke3 Bc2 36. h4 Kd6 37. b4 Kc6 38. Nc4 Kb5 39. Nb2 Bb3 40. Kd3 Be6 41. Kc3 Kc6 1/2-1/2

[Event "Helsinki Garde Spring Weekend A"]
[Site "Helsinki"]
[Date "2016.03.06"]
[Round "4"]
[White "Sipila, Markku"]
[Black "Kugappi, Tomi"]
[Result "0-1"]
[WhiteElo "1973"]
[BlackElo "1899"]
[PlyCount "48"]
[EventDate "2016.03.04"]
[EventType "swiss"]
[EventRounds "5"]
[EventCountry "FIN"]
[SourceTitle "EXT 2022"]
[Source "ChessBase"]
[SourceDate "2021.10.06"]
[SourceVersion "1"]
[SourceVersionDate "2021.10.06"]
[SourceQuality "1"]

1. d4 Nf6 2. c4 e6 3. Nc3 Bb4 4. Nf3 b6 5. g3 Bb7 6. Bg2 0-0 7. 0-0 d6 8. Qb3 Bxc3 9. Qxc3 Ne4 10. Qc2 Nd7 11. Rd1 f5 12. h4 Rb8 13. b4 Ndf6 14. Nh2 h6 15. Nf1 d5 16. c5 Nh5 17. a4 Qf6 18. e3 bxc5 19. bxc5 Ba6 20. Bd2 Qg6 21. Be1 f4 22. exf4 Nxf4 23. gxf4 Bxf1 24. Kxf1 Ng3+ 0-1

[Event "Helsinki Garde Spring Weekend A"]
[Site "Helsinki"]
[Date "2016.03.05"]
[Round "2"]
[White "Haanpaa, Jorma"]
[Black "Kugappi, Tomi"]
[Result "1-0"]
[WhiteElo "2027"]
[BlackElo "1899"]
[PlyCount "75"]
[EventDate "2016.03.04"]
[EventType "swiss"]
[EventRounds "5"]
[EventCountry "FIN"]
[SourceTitle "EXT 2022"]
[Source "ChessBase"]
[SourceDate "2021.10.06"]
[SourceVersion "1"]
[SourceVersionDate "2021.10.06"]
[SourceQuality "1"]

1. e4 c6 2. d4 d5 3. exd5 cxd5 4. c4 Nf6 5. Nc3 e6 6. Nf3 Be7 7. c5 Nc6 8. Bb5 0-0 9. 0-0 Qc7 10. Re1 Bd7 11. Bxc6 Bxc6 12. b4 a6 13. Bg5 Ne4 14. Bxe7 Qxe7 15. Qc2 f5 16. Ne5 Qf6 17. a4 Rfc8 18. b5 Be8 19. Rab1 axb5 20. axb5 Qe7 21. Na4 Rxa4 22. Qxa4 Nc3 23. Qa5 Nxb1 24. Rxb1 h6 25. Re1 Qc7 26. b6 Qe7 27. Nd3 Qf6 28. Re5 Bc6 29. Nf4 Re8 30. Qe1 Kf7 31. Qe2 Bd7 32. Qa2 Bc6 33. Nd3 Qe7 34. Re1 Kg8 35. Ne5 Rc8 36. Nxc6 Rxc6 37. Qxd5 Qf7 38. Qe5 1-0

[Event "Espoo We MatSK A"]
[Site "Espoo"]
[Date "2016.02.28"]
[Round "4"]
[White "Nordlund, Henri"]
[Black "Kugappi, Tomi"]
[Result "1/2-1/2"]
[WhiteElo "1838"]
[BlackElo "1871"]
[PlyCount "67"]
[EventDate "2016.02.26"]
[EventType "swiss"]
[EventRounds "5"]
[EventCountry "FIN"]
[SourceTitle "EXT 2022"]
[Source "ChessBase"]
[SourceDate "2021.10.06"]
[SourceVersion "1"]
[SourceVersionDate "2021.10.06"]
[SourceQuality "1"]

1. e4 c6 2. d4 d5 3. f3 e6 4. Nc3 Bb4 5. e5 c5 6. Bb5+ Bd7 7. Bxd7+ Nxd7 8. f4 Qa5 9. Nge2 cxd4 10. Qxd4 Ne7 11. a3 Bxc3+ 12. Qxc3 Qxc3+ 13. Nxc3 a6 14. Bd2 Nc6 15. 0-0-0 b5 16. Ne2 0-0 17. Be3 Rfc8 18. Kb1 b4 19. a4 Na5 20. b3 Nc5 21. Bxc5 Rxc5 22. Nd4 Nc6 23. Nxc6 Rxc6 24. Rd2 Rc3 25. Rf1 g6 26. Rff2 Kf8 27. Rd4 a5 28. g4 Re3 29. Rfd2 Rc8 30. R2d3 Rc3 31. Rxc3 Rxc3 32. Rd3 Rxd3 33. cxd3 Kg7 34. g5 1/2-1/2

[Event "Espoo We MatSK A"]
[Site "Espoo"]
[Date "2016.02.27"]
[Round "2"]
[White "Auvinen, Esa"]
[Black "Kugappi, Tomi"]
[Result "1/2-1/2"]
[WhiteElo "1947"]
[BlackElo "1871"]
[PlyCount "112"]
[EventDate "2016.02.26"]
[EventType "swiss"]
[EventRounds "5"]
[EventCountry "FIN"]
[SourceTitle "EXT 2022"]
[Source "ChessBase"]
[SourceDate "2021.10.06"]
[SourceVersion "1"]
[SourceVersionDate "2021.10.06"]
[SourceQuality "1"]

1. e4 c6 2. d4 d5 3. exd5 cxd5 4. c4 Nf6 5. Nc3 Nc6 6. Nf3 e6 7. Bg5 Be7 8. c5 0-0 9. a3 Ne4 10. Bxe7 Qxe7 11. Rc1 Nxc3 12. Rxc3 e5 13. Re3 e4 14. Bb5 Qc7 15. Bxc6 bxc6 16. Ng1 f5 17. Rb3 Ba6 18. Ne2 f4 19. g3 fxg3 20. hxg3 Rf3 21. Nf4 Qa5+ 22. Rb4 Bb5 23. Qd2 e3 24. fxe3 Re8 25. Ng2 Qc7 26. Qc2 Rfxe3+ 27. Nxe3 Qxg3+ 28. Kd1 Qf3+ 29. Kc1 Qxe3+ 30. Qd2 Qf3 31. Re1 Rxe1+ 32. Qxe1 Qf4+ 33. Kb1 Qe4+ 34. Qxe4 dxe4 35. Kc1 Kf7 36. d5 a5 37. Rxe4 cxd5 38. Re5 Bc6 39. b4 axb4 40. axb4 Kf6 41. Re2 h5 42. Kd2 h4 43. Ke3 g5 44. Rb2 Bb5 45. Kd4 Ke6 46. Rg2 Kf5 47. Kxd5 h3 48. Rf2+ Kg4 49. c6 Kg3 50. c7 Ba6 51. Rf6 h2 52. Rh6 Bb7+ 53. Kd6 Kg2 54. b5 h1Q 55. Rxh1 Kxh1 56. Kd7 g4 1/2-1/2

[Event "Espoo We MatSK A"]
[Site "Espoo"]
[Date "2016.02.27"]
[Round "3"]
[White "Kugappi, Tomi"]
[Black "Lehtohalme, Lasse"]
[Result "1/2-1/2"]
[WhiteElo "1871"]
[BlackElo "1981"]
[PlyCount "53"]
[EventDate "2016.02.26"]
[EventType "swiss"]
[EventRounds "5"]
[EventCountry "FIN"]
[SourceTitle "EXT 2022"]
[Source "ChessBase"]
[SourceDate "2021.10.06"]
[SourceVersion "1"]
[SourceVersionDate "2021.10.06"]
[SourceQuality "1"]

1. e4 c5 2. Nc3 Nc6 3. g3 d6 4. Bg2 g6 5. d3 Bg7 6. Nge2 Nf6 7. 0-0 0-0 8. h3 a6 9. f4 e6 10. g4 Qc7 11. Ng3 Nd4 12. Nce2 Nxe2+ 13. Qxe2 d5 14. e5 Nd7 15. c3 d4 16. c4 Rb8 17. Ne4 b5 18. b3 bxc4 19. bxc4 Bb7 20. Qd2 Bxe4 21. Bxe4 Rb4 22. Qc2 Rfb8 23. Ba3 R4b6 24. g5 Kf8 25. h4 Ke8 26. Rab1 Kd8 27. Kf2 1/2-1/2

[Event "Helsinki Garde Autumn Weekend A"]
[Site "Helsinki"]
[Date "2015.09.19"]
[Round "2"]
[White "Kugappi, Tomi"]
[Black "Kiltti, Jyrki"]
[Result "0-1"]
[WhiteElo "2002"]
[BlackElo "2236"]
[PlyCount "138"]
[EventDate "2015.09.18"]
[EventType "swiss"]
[EventRounds "5"]
[EventCountry "FIN"]
[SourceTitle "EXT 2022"]
[Source "ChessBase"]
[SourceDate "2021.10.06"]
[SourceVersion "1"]
[SourceVersionDate "2021.10.06"]
[SourceQuality "1"]

1. e4 e5 2. Nc3 Bc5 3. g3 d6 4. Bg2 Ne7 5. Nge2 Nbc6 6. 0-0 0-0 7. d3 a6 8. h3 f5 9. Kh2 fxe4 10. Nxe4 Ba7 11. f4 Nf5 12. c3 Kh8 13. g4 Ne3 14. Bxe3 Bxe3 15. f5 d5 16. N4g3 Ne7 17. d4 e4 18. c4 c6 19. Qb3 Bg5 20. cxd5 cxd5 21. Kh1 Qd6 22. Nh5 Bd7 23. Nhf4 Bb5 24. Qg3 Qh6 25. Rfd1 Bh4 26. Qa3 Bg5 27. Qg3 Rac8 28. a4 Bxe2 29. Nxe2 Rc2 30. Bf1 Rxb2 31. Rab1 Qb6 32. Rxb2 Qxb2 33. h4 Qc2 34. Ra1 Bf6 35. Rc1 Qd3 36. Qxd3 exd3 37. Nf4 d2 38. Rd1 Bxh4 39. Ne6 Rf6 40. Rxd2 g6 41. Bh3 gxf5 42. gxf5 Nxf5 43. Bxf5 Rxf5 44. Nc5 Rf7 45. Kg2 Kg7 46. Rb2 Bf6 47. Ne6+ Kg6 48. Nf4+ Kf5 49. Nxd5 Bxd4 50. Re2 Rd7 51. Nb4 Bc5 52. Nc2 h5 53. Ne1 Re7 54. Rc2 Rxe1 55. Rxc5+ Re5 56. Rc7 b6 57. Rb7 Re6 58. Kf3 a5 59. Rb8 Rc6 60. Rf8+ Ke5 61. Rh8 Rc4 62. Rxh5+ Kd6 63. Rh6+ Kc7 64. Ke3 Rxa4 65. Kd3 Kb7 66. Kc3 Rg4 67. Kb3 Ka6 68. Rh5 Rg3+ 69. Ka2 a4 0-1

[Event "Helsinki Arena HSL"]
[Site "Helsinki"]
[Date "2015.06.28"]
[Round "4"]
[White "Kekki, Jorma J"]
[Black "Kugappi, Tomi"]
[Result "1/2-1/2"]
[WhiteElo "2062"]
[BlackElo "2005"]
[PlyCount "86"]
[EventDate "2015.06.27"]
[EventType "swiss"]
[EventRounds "5"]
[EventCountry "FIN"]
[SourceTitle "EXT 2022"]
[Source "ChessBase"]
[SourceDate "2021.10.06"]
[SourceVersion "1"]
[SourceVersionDate "2021.10.06"]
[SourceQuality "1"]

1. c4 Nf6 2. g3 e6 3. Bg2 d5 4. Nf3 Be7 5. 0-0 0-0 6. b3 Nbd7 7. Bb2 c6 8. d3 b6 9. Nc3 Bb7 10. e4 dxe4 11. dxe4 Qc7 12. Qe2 Rfd8 13. e5 Ne8 14. Rfd1 a5 15. Ne4 Nc5 16. Nfg5 Nxe4 17. Nxe4 c5 18. Qg4 Bxe4 19. Qxe4 Rxd1+ 20. Rxd1 Rd8 21. Rxd8 Qxd8 22. Qc6 Kf8 23. Qe4 Kg8 24. Qe2 g6 25. Bf3 Ng7 26. g4 Bg5 27. Bc3 h6 28. Be4 Bf4 29. f3 Qg5 30. Bd3 h5 31. Kh1 Be3 32. Qg2 Qf4 33. Qg3 Qxg3 34. hxg3 hxg4 35. fxg4 Ne8 36. Kg2 Nc7 37. Kf3 Bc1 38. Be4 Kf8 39. Ke2 Ke7 40. Kd1 Be3 41. Ke2 Bc1 42. Kd1 Be3 43. Ke2 Bc1 1/2-1/2